000 00479nam a2200181Ia 4500
005 20250423100843.0
008 250422s9999 xx 000 0 und d
020 _a 0672312409
050 _aQA 76.73.C153 C465/
100 _aChapman, Davis
245 0 _aSams teach yourself Visual C++ 6 in 21 days
260 _aIndianapolis
260 _b Sams
260 _c c1998.
300 _a769 p
650 _aMicrosoft Visual C++. C++ (Computer program language)
942 _cBK
999 _c34542
_d34542